| 000 | 01698nam a2200385Ia 4500 | ||
|---|---|---|---|
| 001 | ebr10556675 | ||
| 003 | CaPaEBR | ||
| 006 | m u | ||
| 007 | cr cn||||||||| | ||
| 008 | 111128s2012 enka sb 001 0 eng d | ||
| 010 | _z 2011045935 | ||
| 020 | _z9781409418863 | ||
| 020 | _z9781409418870 | ||
| 040 |
_aCaPaEBR _cCaPaEBR |
||
| 035 | _a(OCoLC)794494109 | ||
| 050 | 1 | 4 |
_aQM33.4 _b.M58 2012eb |
| 082 | 0 | 4 |
_a614/.1071/41 _223 |
| 245 | 0 | 0 |
_aAnatomical dissection in Enlightenment England and beyond _h[electronic resource] : _bautopsy, pathology, and display / _cedited by Piers Mitchell. |
| 260 |
_aFarnham, Surrey, England ; _aBurlington, VT : _bAshgate, _cc2012. |
||
| 300 |
_aviii, 186 p. : _bill. |
||
| 490 | 1 | _aThe history of medicine in context | |
| 504 | _aIncludes bibliographical references and index. | ||
| 533 |
_aElectronic reproduction. _bPalo Alto, Calif. : _cebrary, _d2013. _nAvailable via World Wide Web. _nAccess may be limited to ebrary affiliated libraries. |
||
| 650 | 0 |
_aHuman dissection _zGreat Britain _xHistory _y18th century. |
|
| 650 | 0 |
_aHuman dissection _zGreat Britain _xHistory _y19th century. |
|
| 650 | 0 |
_aAutopsy _zGreat Britain _xHistory _y18th century. |
|
| 650 | 0 |
_aAutopsy _zGreat Britain _xHistory _y19th century. |
|
| 650 | 0 |
_aMedical education _zGreat Britain _xHistory _y18th century. |
|
| 650 | 0 |
_aMedical education _zGreat Britain _xHistory _y19th century. |
|
| 655 | 7 |
_aElectronic books. _2local |
|
| 700 | 1 | _aMitchell, Piers D. | |
| 710 | 2 | _aebrary, Inc. | |
| 830 | 0 | _aHistory of medicine in context. | |
| 856 | 4 | 0 |
_uhttp://site.ebrary.com/lib/rucke/Doc?id=10556675 _zAn electronic book accessible through the World Wide Web; click to view |
| 999 |
_c191843 _d191843 |
||